| 000 | 00532nam a2200169 i 4500 | ||
|---|---|---|---|
| 001 | 61674 | ||
| 003 | ES-MaACL | ||
| 005 | 20230906164522.0 | ||
| 007 | t| | ||
| 008 | 031113s1967 sp ||||1| spa d | ||
| 100 | 1 |
_aFarchmin, Guenter. _948831 |
|
| 245 | 1 | 0 |
_aInspección veterinaria de alimentos / _cGünter Farehmin ; traducido por Jaime Esain Escobar. |
| 260 |
_aZaragoza : _bAcribia, _c[1967] |
||
| 300 |
_a427 p., 4 lám. : _bil. ; _c24 cm. |
||
| 700 | 0 |
_aEsaín Escobar, Jaime. _947449 |
|
| 852 |
_aES-MaACL _jC-33441 _bR.63254 |
||
| 999 |
_c61674 _d61674 |
||